01822pam a2200349 a 4500001001000000003000400010005001700014008004100031020002800072020002500100082002200125100002900147245012100176250001200297260007400309300003600383500002000419504003000439505037300469650003100842650002100873650002400894650002800918653003600946655002400982700003501006942002601041999001701067952013201084952013601216952012001352014583730OSt20131204093414.0080529t2008 xxua frb 001 0 eng d a9780393062434 (cased) : a0393062430 (cased) :00a658.4012222bDIX1 aDixit, Avinash K.93437614aThe art of strategy :ba game theorist's guide to success in business & life /cAvinash K. Dixit, Barry J. Nalebuff. a1st ed. aNew York, United States ;aLondon :bW. W. Norton & Company,cc.2008. axviii, 483 p. :bill. ;c25 cm. aIncludes index. aBibliograhy : p. 473-481.0 aHow should people behave in society ? -Tales of strategy-Games solvable by backward reasoning-Prisoners' dilemmas and how to resolve them-A beautiful equilibrium-Choice and chance-Strategic moves-Making strategies credible-Interpreting and manipulating information-Cooperation and coordination-Auctions, bidding, and contests-Bargaining-Voting-Incentives-Case studies. 0aStrategic planning.934377 0aStrategy.934378 0aGame theory.934379 0aDecision making.934380 bEcocNovember2013cDecember2013 vreading book9342321 aNalebuff, Barry,d1958-934381 2ddccBBk658.4012 DIX c17735d17707 00102ddc40708BaccahaMAINbMAINc1STd2013-11-03epurchasel1o658.4012 DIXp000035010r2025-07-15 00:00:00s2016-11-20yBB 00102ddc40708BaccahaMAINbMAINc1STd2013-11-03epurchasel3m27o658.4012 DIXp000035012r2025-07-15 00:00:00s2018-11-06yBB 00102ddc40708BaccahaMAINbMAINc1STd2013-12-03epurchasel0o658.4012 DIXp000029666r2025-07-15 00:00:00yBB